000 00517nam a2200181Ia 4500
008 220216s9999 xx 000 0 und d
100 _aXu Y S
245 0 _aRFLP analysis of symmetric somatic hybrids between Solanum tubersum and irradiated S.brevidens
260 _bTheoretical and Applied Genetics
_c1993
300 _a754-760
650 _aPotato
650 _aProtoplast fusion
650 _aRFLP
650 _aSolanum brevidens
650 _aSymmetric somatic hybrids
700 _aPehu E
942 _cJS
999 _c66999
_d66999